[Event "Meltwater Tour Final 2022"]
[Site "chess24.com INT"]
[Date "2022.11.18"]
[Round "5.6"]
[White "Le, Quang Liem"]
[Black "Carlsen, Magnus"]
[Result "1-0"]
[WhiteTitle "GM"]
[BlackTitle "GM"]
[WhiteElo "2728"]
[BlackElo "2859"]
[WhiteFideId "12401137"]
[BlackFideId "1503014"]
[EventDate "2022.11.14"]

1. d4 Nf6 2. c4 e6 3. Nf3 Bb4+ 4. Bd2 Bxd2+ 5. Qxd2 d5 6. Nc3 O-O 7. e3 b6 8.
cxd5 Nxd5 9. Rc1 Bb7 10. Nxd5 Bxd5 11. Bd3 h6 12. Qc2 c5 13. dxc5 Nd7 14. e4 Bc6
15. cxb6 Rc8 16. bxa7 Qa5+ 17. Qc3 Qxa7 18. O-O Nf6 19. a3 Bxe4 20. Qxc8 Rxc8
21. Rxc8+ Kh7 22. Rd1 Bxd3 23. Rxd3 Qb7 24. Rc2 e5 25. Re3 Ng4 26. Ree2 e4 27.
Nd2 f5 28. h3 Ne5 29. Nc4 Nd3 30. b4 Qa6 31. Red2 f4 32. Nb2 Qxa3 33. Nxd3 exd3
34. Rb2 f3 35. b5 Qa1+ 36. Kh2 fxg2 37. Kxg2 Qe1 38. b6 Qe4+ 39. f3 Qg6+ 40. Kf2
Qg5 41. b7 Qc5+ 42. Kf1 Qe3 1-0

[Event "Meltwater Tour Final 2022"]
[Site "chess24.com INT"]
[Date "2022.11.19"]
[Round "6.1"]
[White "Giri, Anish"]
[Black "Mamedyarov, Shakhriyar"]
[Result "0-1"]
[WhiteTitle "GM"]
[BlackTitle "GM"]
[WhiteElo "2764"]
[BlackElo "2741"]
[WhiteFideId "24116068"]
[BlackFideId "13401319"]
[EventDate "2022.11.14"]

1. e4 e5 2. Nf3 Nc6 3. Bb5 a6 4. Ba4 Nf6 5. O-O Nxe4 6. d4 b5 7. Bb3 d5 8. dxe5
Be6 9. Be3 Be7 10. c3 Nc5 11. Bc2 Nd7 12. Nd4 Ndxe5 13. Nxe6 fxe6 14. Qh5+ g6
15. Qh3 Qd7 16. Bh6 Nf7 17. a4 b4 18. Be3 O-O 19. Nd2 Nd6 20. Nb3 Nf5 21. Nc5
Qd6 22. Nb7 Qe5 23. Rae1 Qf6 24. Nc5 Qf7 25. Bd3 bxc3 26. bxc3 Bd6 27. Nxa6 Ne5
28. Bd4 Nd7 29. Be3 c6 30. Bg5 Ne5 31. Be2 c5 32. Rb1 c4 33. Rb6 Nd7 34. Rc6 Ne5
35. Rb6 Nd7 36. Rc6 Nb8 37. Nxb8 Bxb8 38. Bd1 Ba7 39. Kh1 Qd7 40. Ra6 Qc8 41.
Ra5 Rf7 42. Bc2 Bc5 43. Rxa8 Qxa8 44. Qg4 Qa7 45. Qe2 Ng7 46. f3 Bd6 47. Bh6 Qe7
48. g3 Nf5 49. Bd2 Bc7 50. Kg2 Qd6 51. f4 Re7 52. Qf3 d4 53. Be4 d3 54. Ra1 Ba5
55. Rb1 Kg7 56. Rb5 Nd4 57. cxd4 Bxd2 58. Bxd3 cxd3 59. Qxd3 Bb4 60. d5 e5 61.
fxe5 Rxe5 62. Qd4 Be1 63. a5 Qf6 64. Rb7+ Kh6 65. Qf4+ Qxf4 66. gxf4 Rxd5 67. a6
Ra5 68. a7 Bc3 69. Rd7 Bb4 70. Rf7 Bc5 71. f5 Rxa7 72. fxg6 hxg6 73. Rf6 Ra2+
74. Kg3 Bd4 75. Re6 Kg5 76. Re4 Bf6 77. h3 Ra3+ 78. Kg2 Kf5 79. Rg4 Be5 80. Rh4
g5 81. Rh6 Ke4 0-1

[Event "Meltwater Tour Final 2022"]
[Site "chess24.com INT"]
[Date "2022.11.19"]
[Round "6.2"]
[White "Mamedyarov, Shakhriyar"]
[Black "Giri, Anish"]
[Result "1/2-1/2"]
[WhiteTitle "GM"]
[BlackTitle "GM"]
[WhiteElo "2741"]
[BlackElo "2764"]
[WhiteFideId "13401319"]
[BlackFideId "24116068"]
[EventDate "2022.11.14"]

1. d4 d5 2. c4 c6 3. Nf3 Nf6 4. Nbd2 Bf5 5. Nh4 Be4 6. e3 e6 7. Be2 Be7 8. Nhf3
Nbd7 9. O-O Bg6 10. Nh4 Be4 11. Nhf3 Bg6 12. Nh4 Be4 13. Nhf3 1/2-1/2

[Event "Meltwater Tour Final 2022"]
[Site "chess24.com INT"]
[Date "2022.11.19"]
[Round "6.3"]
[White "Giri, Anish"]
[Black "Mamedyarov, Shakhriyar"]
[Result "0-1"]
[WhiteTitle "GM"]
[BlackTitle "GM"]
[WhiteElo "2764"]
[BlackElo "2741"]
[WhiteFideId "24116068"]
[BlackFideId "13401319"]
[EventDate "2022.11.14"]

1. e4 e5 2. Nf3 Nc6 3. Bb5 a6 4. Ba4 Nf6 5. O-O Nxe4 6. d4 b5 7. Bb3 d5 8. dxe5
Be6 9. c3 Be7 10. Be3 Nc5 11. Bc2 Bg4 12. Nbd2 Ne6 13. Qb1 Bh5 14. a4 b4 15. a5
Bg6 16. Rd1 bxc3 17. bxc3 Rb8 18. Qa2 O-O 19. Bxg6 hxg6 20. Nb3 Qd7 21. Rd2 Rfd8
22. Rad1 Qc8 23. Rxd5 Rxd5 24. Rxd5 Qb7 25. Nbd2 Bb4 26. Qc4 Bxa5 27. h4 Bb6 28.
Bxb6 Qxb6 29. Ng5 Nxg5 30. hxg5 Nd8 31. Nf3 Ne6 32. Nd4 Qb1+ 33. Kh2 Qe4 0-1

[Event "Meltwater Tour Final 2022"]
[Site "chess24.com INT"]
[Date "2022.11.19"]
[Round "6.3"]
[White "Praggnanandhaa, R"]
[Black "Carlsen, Magnus"]
[Result "1/2-1/2"]
[WhiteTitle "GM"]
[BlackTitle "GM"]
[WhiteElo "2678"]
[BlackElo "2859"]
[WhiteFideId "25059530"]
[BlackFideId "1503014"]
[EventDate "2022.11.14"]

1. e4 e6 2. d4 d5 3. Nc3 Nf6 4. Bg5 h6 5. Bxf6 Qxf6 6. a3 c6 7. Nf3 Qd8 8. Bd3
Nd7 9. O-O Be7 10. Qd2 b6 11. Rad1 Bb7 12. Rfe1 Qc7 13. exd5 cxd5 14. Ne2 Bd6
15. Ng3 O-O 16. Nh5 Rae8 17. Bb5 Bc6 18. Bxc6 Qxc6 19. Re3 Rc8 20. c3 g6 21. Re2
Kh7 22. Qc2 b5 23. Ne5 Nxe5 24. dxe5 Be7 25. Rd4 a5 26. h4 b4 27. axb4 axb4 28.
Re3 bxc3 29. bxc3 Bc5 30. Nf6+ Kg7 31. h5 Bxd4 32. hxg6 Bxe3 33. Nh5+ Kg8 34.
Nf6+ Kg7 35. Nh5+ Kg8 36. Nf6+ Kg7 1/2-1/2

[Event "Meltwater Tour Final 2022"]
[Site "chess24.com INT"]
[Date "2022.11.20"]
[Round "7.1"]
[White "So, Wesley"]
[Black "Giri, Anish"]
[Result "1/2-1/2"]
[WhiteTitle "GM"]
[BlackTitle "GM"]
[WhiteElo "2760"]
[BlackElo "2764"]
[WhiteFideId "5202213"]
[BlackFideId "24116068"]
[EventDate "2022.11.14"]

1. e4 c5 2. Nf3 d6 3. d4 cxd4 4. Nxd4 Nf6 5. Nc3 a6 6. Be2 e5 7. Nb3 Be7 8. O-O
O-O 9. Be3 Be6 10. Re1 Nc6 11. a3 Rc8 12. Bf3 Na5 13. Nxa5 Qxa5 14. Qd2 Rfe8 15.
Red1 b5 16. Nd5 Qxd2 17. Nxe7+ Rxe7 18. Rxd2 Rd7 19. Bg5 h6 20. Bxf6 gxf6 21. c3
Kf8 22. a4 Ke7 23. h3 Rb7 24. axb5 axb5 25. Ra6 b4 26. cxb4 Rd8 27. Bg4 Rxb4 28.
f3 Rb7 29. Rc2 Bxg4 30. hxg4 d5 31. exd5 Rxd5 32. Kh2 Rdb5 33. Rcc6 Rxb2 34.
Rxf6 Re2 35. Rab6 Rxb6 36. Rxb6 f6 37. Rb7+ Kf8 38. Rh7 Kg8 39. Rxh6 Kg7 40. Rh5
Kg6 41. Kg3 Ra2 42. Rh8 Rb2 43. Rg8+ Kf7 44. Ra8 Kg6 45. Ra6 Rc2 46. Kh3 Rf2 47.
Ra3 Rb2 48. Re3 Rc2 49. Ra3 Rb2 50. Ra4 Rc2 51. Ra1 Re2 52. Rf1 Kg5 53. Kg3 Rb2
54. Rf2 Rb3 55. Re2 Ra3 56. Rb2 Rc3 57. Kh3 Ra3 58. Kg3 Rc3 59. Kf2 Ra3 60. Re2
Rc3 61. Ra2 Rb3 62. Ra8 Kg6 63. Rg8+ Kf7 64. Rc8 Kg6 65. Rd8 Rb2+ 66. Kf1 Ra2
67. g3 Rb2 68. Kg1 Ra2 69. Rg8+ Kf7 70. Rh8 Kg6 71. Rh2 Ra3 72. Kg2 Rb3 73. f4
exf4 74. gxf4 f5 75. g5 Rb2+ 76. Kg3 Rb3+ 77. Kg2 Rb2+ 78. Kh1 Rb1+ 79. Kg2 Rb2+ 1/2-1/2

[Event "Meltwater Tour Final 2022"]
[Site "chess24.com INT"]
[Date "2022.11.20"]
[Round "7.1"]
[White "Mamedyarov, Shakhriyar"]
[Black "Le, Quang Liem"]
[Result "0-1"]
[WhiteTitle "GM"]
[BlackTitle "GM"]
[WhiteElo "2741"]
[BlackElo "2728"]
[WhiteFideId "13401319"]
[BlackFideId "12401137"]
[EventDate "2022.11.14"]

1. c4 Nf6 2. Nc3 c5 3. Nf3 Nc6 4. g3 g6 5. Bg2 d6 6. d4 cxd4 7. Nxd4 Bd7 8. O-O
Bg7 9. Nc2 h5 10. h4 O-O 11. Bg5 Rc8 12. Qd2 Re8 13. Rfd1 Qa5 14. Rac1 Be6 15.
Ne3 a6 16. b3 Ng4 17. Ned5 Kf8 18. Na4 Qxd2 19. Bxd2 Nd4 20. Nf4 b5 21. Nb6 Rb8
22. Nxe6+ fxe6 23. Nd7+ Kg8 24. Nxb8 Nxe2+ 25. Kf1 Nxc1 26. Nxa6 Nd3 27. cxb5
Ndxf2 28. Rb1 Rf8 29. Ke2 Bd4 30. Nb4 d5 31. Nc6 Bc5 32. Rf1 d4 33. Bg5 e5 34.
b4 d3+ 35. Kd2 Bb6 36. Re1 Bc7 37. a4 e4 38. Bxe4 Bxg3 39. Bd5+ Kh8 40. Rxe7 Nh3
41. b6 Nxg5 42. hxg5 Nf2 43. Ne5 Bf4+ 44. Kc3 Rc8+ 45. Kb3 Bxe5 46. Rxe5 d2 47.
Bf3 Rf8 48. Be2 h4 49. Rc5 h3 50. Rc4 Kg7 51. a5 h2 52. Rh4 Re8 53. Bd1 Nxd1 54.
Rxh2 Nf2 0-1

[Event "Meltwater Tour Final 2022"]
[Site "chess24.com INT"]
[Date "2022.11.20"]
[Round "7.2"]
[White "Le, Quang Liem"]
[Black "Mamedyarov, Shakhriyar"]
[Result "1-0"]
[WhiteTitle "GM"]
[BlackTitle "GM"]
[WhiteElo "2728"]
[BlackElo "2741"]
[WhiteFideId "12401137"]
[BlackFideId "13401319"]
[EventDate "2022.11.14"]

1. d4 d5 2. Nf3 Nf6 3. c4 dxc4 4. e3 e6 5. Bxc4 c5 6. O-O a6 7. Nbd2 b6 8. dxc5
Bxc5 9. a3 O-O 10. b4 Bd6 11. Bb2 Bb7 12. Qe2 Nbd7 13. Rac1 a5 14. e4 e5 15.
bxa5 Rxa5 16. Rfd1 Qe7 17. Bb5 Raa8 18. a4 Rfd8 19. h3 h6 20. Nc4 Bc5 21. Nfd2
Bd4 22. Bxd4 exd4 23. Re1 Rab8 24. e5 Nd5 25. Qg4 Qg5 26. Bxd7 Rxd7 27. Qxd7 Nf6
28. Qxb7 Rxb7 29. Nf3 Qg6 30. exf6 Qxf6 31. Red1 Ra7 32. Rb1 Rxa4 33. Nxb6 Ra3
34. Nd5 Qd6 35. Ne3 d3 36. Nc4 1-0

[Event "Meltwater Tour Final 2022"]
[Site "chess24.com INT"]
[Date "2022.11.20"]
[Round "7.2"]
[White "Giri, Anish"]
[Black "So, Wesley"]
[Result "1/2-1/2"]
[WhiteTitle "GM"]
[BlackTitle "GM"]
[WhiteElo "2764"]
[BlackElo "2760"]
[WhiteFideId "24116068"]
[BlackFideId "5202213"]
[EventDate "2022.11.14"]

1. e4 e5 2. Nf3 Nc6 3. Bb5 Nf6 4. O-O Nxe4 5. Re1 Nd6 6. Nxe5 Be7 7. Bf1 Nxe5 8.
Rxe5 O-O 9. Nc3 Bf6 10. Re1 Re8 11. Nd5 Rxe1 12. Nxf6+ Qxf6 13. Qxe1 b6 14. d3
Bb7 15. Qb4 c5 16. Qf4 Qxf4 17. Bxf4 Nf5 18. a4 f6 19. a5 g5 20. Bd2 Nd4 21.
axb6 axb6 22. Rxa8+ Bxa8 23. c3 Ne6 24. f3 Kf7 25. Kf2 Bc6 26. g3 Bb5 27. Ke3 d5
28. c4 Bc6 29. cxd5 Bxd5 30. Bc3 Nd4 31. Bxd4 cxd4+ 32. Kxd4 Bxf3 33. Ke3 Bg4
34. d4 Ke7 35. Bd3 h6 36. Bc4 Kd6 37. Bb3 Bh3 38. Bc2 Kd5 39. Bb3+ Kd6 40. Bc2
Kd5 41. Bb3+ Kd6 1/2-1/2

[Event "Meltwater Tour Final 2022"]
[Site "chess24.com INT"]
[Date "2022.11.20"]
[Round "7.3"]
[White "So, Wesley"]
[Black "Giri, Anish"]
[Result "1/2-1/2"]
[WhiteTitle "GM"]
[BlackTitle "GM"]
[WhiteElo "2760"]
[BlackElo "2764"]
[WhiteFideId "5202213"]
[BlackFideId "24116068"]
[EventDate "2022.11.14"]

1. d4 Nf6 2. c4 g6 3. g3 c6 4. Bg2 d5 5. b3 Bg7 6. Bb2 O-O 7. Nf3 dxc4 8. bxc4
c5 9. O-O Qb6 10. Qc1 cxd4 11. Bxd4 Qa6 12. Nbd2 Nc6 13. Bc3 Be6 14. Qb2 Bxc4
15. Nxc4 Qxc4 16. Rfc1 Qa6 17. Rab1 Rab8 18. Ng5 Qb6 19. Qa1 Qc7 20. Ne4 Nh5 21.
Nc5 Bxc3 22. Qxc3 Nf6 23. Qe3 Rfc8 24. Nd3 Kg7 25. Rc2 Qd6 26. Rbc1 Rc7 27. Ne5
Rbc8 28. Nxc6 bxc6 29. Rc5 Kg8 30. h4 h5 31. Bf3 Nd7 32. Rg5 Nf6 33. Rgc5 Nd7
34. Rg5 Nf6 35. Rgc5 1/2-1/2

[Event "Meltwater Tour Final 2022"]
[Site "chess24.com INT"]
[Date "2022.11.20"]
[Round "7.3"]
[White "Mamedyarov, Shakhriyar"]
[Black "Le, Quang Liem"]
[Result "1-0"]
[WhiteTitle "GM"]
[BlackTitle "GM"]
[WhiteElo "2741"]
[BlackElo "2728"]
[WhiteFideId "13401319"]
[BlackFideId "12401137"]
[EventDate "2022.11.14"]

1. c4 e6 2. Nc3 d5 3. d4 Nf6 4. cxd5 exd5 5. Bg5 Bb4 6. e3 h6 7. Bh4 g5 8. Bg3
Ne4 9. Qc2 Bf5 10. Bd3 Nc6 11. Ne2 Qd7 12. O-O Bxc3 13. bxc3 h5 14. Bxc7 Rc8 15.
f3 Nb4 16. cxb4 Rxc7 17. Qb1 Nd6 18. e4 Bg6 19. e5 Bxd3 20. Qxd3 Qf5 21. Qxf5
Nxf5 22. Rfc1 Rxc1+ 23. Rxc1 Kd7 24. Kf2 h4 25. a4 Rh6 26. b5 f6 27. Rc5 Ne7 28.
f4 g4 29. Ke3 b6 30. Rc1 h3 31. g3 f5 32. Nc3 Rh8 33. a5 Rc8 34. Kd3 Rc7 35. Ra1
Rb7 36. axb6 axb6 37. Ra8 Kc7 38. Re8 Kd7 39. Ra8 Kc7 40. Rf8 Ra7 41. Rf7 Kb8
42. Rf6 Ra1 43. Rxb6+ Kc8 44. Re6 Kd7 45. Rd6+ Kc8 46. b6 Rh1 47. Re6 Rxh2 48.
Rxe7 Rg2 49. Nxd5 h2 50. b7+ Kb8 51. Nb4 Rxg3+ 52. Kc4 h1=Q 53. Na6+ Ka7 54.
b8=Q+ Kxa6 55. Ra7# 1-0

[Event "Meltwater Tour Final 2022"]
[Site "chess24.com INT"]
[Date "2022.11.20"]
[Round "7.4"]
[White "Le, Quang Liem"]
[Black "Mamedyarov, Shakhriyar"]
[Result "1-0"]
[WhiteTitle "GM"]
[BlackTitle "GM"]
[WhiteElo "2728"]
[BlackElo "2741"]
[WhiteFideId "12401137"]
[BlackFideId "13401319"]
[EventDate "2022.11.14"]

1. d4 g6 2. e4 Bg7 3. Nc3 c5 4. d5 a6 5. a4 d6 6. Be2 Nf6 7. Nf3 O-O 8. O-O e6
9. dxe6 Bxe6 10. Bf4 d5 11. exd5 Nxd5 12. Nxd5 Bxd5 13. c3 Nc6 14. Nd2 Qf6 15.
Be3 Rad8 16. Bf3 Ne5 17. Bxd5 Rxd5 18. Qb3 Qc6 19. Nc4 Rfd8 20. h3 Nd3 21. Qb6
Qd7 22. Qb3 Qe7 23. Rad1 h5 24. Nb6 R5d6 25. Rd2 Be5 26. Rfd1 Bf4 27. Nc8 Rxc8
28. Bxf4 Rd7 29. Qc4 Rcd8 30. Rxd3 1-0

[Event "Meltwater Tour Final 2022"]
[Site "chess24.com INT"]
[Date "2022.11.20"]
[Round "7.5"]
[White "So, Wesley"]
[Black "Giri, Anish"]
[Result "1-0"]
[WhiteTitle "GM"]
[BlackTitle "GM"]
[WhiteElo "2760"]
[BlackElo "2764"]
[WhiteFideId "5202213"]
[BlackFideId "24116068"]
[EventDate "2022.11.14"]

1. c4 Nf6 2. g3 e6 3. Bg2 d5 4. Nf3 Be7 5. O-O O-O 6. b3 c5 7. cxd5 Nxd5 8. Bb2
Nc6 9. d4 cxd4 10. Nxd4 Bd7 11. Na3 Bf6 12. Nc4 Nxd4 13. Bxd4 Bb5 14. Rc1 Rc8
15. a4 Ba6 16. Re1 b6 17. Bxf6 Nxf6 18. Ne5 Qxd1 19. Rcxd1 Rc7 20. b4 Bb7 21.
Rc1 Rfc8 22. Rxc7 Rxc7 23. Bxb7 Rxb7 24. Rc1 g6 25. b5 Nd7 26. Rc8+ Kg7 27. Nc4
Nc5 28. a5 Ne4 29. f3 Nf6 30. a6 Rd7 31. Rb8 Rd5 32. Rb7 Rxb5 33. Nd6 1-0

[Event "Meltwater Tour Final 2022"]
[Site "chess24.com INT"]
[Date "2022.11.20"]
[Round "7.6"]
[White "Giri, Anish"]
[Black "So, Wesley"]
[Result "1-0"]
[WhiteTitle "GM"]
[BlackTitle "GM"]
[WhiteElo "2764"]
[BlackElo "2760"]
[WhiteFideId "24116068"]
[BlackFideId "5202213"]
[EventDate "2022.11.14"]

1. e4 e5 2. Nf3 Nc6 3. Bb5 Nf6 4. d3 Bc5 5. Bxc6 dxc6 6. O-O Nd7 7. Nc3 Qe7 8.
Ne2 h5 9. a3 Bd6 10. Be3 b6 11. Nd2 h4 12. h3 g5 13. Nc4 Nf8 14. Nxd6+ cxd6 15.
d4 g4 16. hxg4 Bxg4 17. f3 Be6 18. Qd3 f6 19. f4 Rg8 20. dxe5 dxe5 21. fxe5 fxe5
22. Qc3 c5 23. Qxe5 Rxg2+ 24. Kh1 Rxe2 25. Rxf8+ Kxf8 26. Qh8+ Kf7 27. Rf1+ Kg6
28. Qh6# 1-0

[Event "Meltwater Tour Final 2022"]
[Site "chess24.com INT"]
[Date "2022.11.20"]
[Round "7.7"]
[White "So, Wesley"]
[Black "Giri, Anish"]
[Result "0-1"]
[WhiteTitle "GM"]
[BlackTitle "GM"]
[WhiteElo "2760"]
[BlackElo "2764"]
[WhiteFideId "5202213"]
[BlackFideId "24116068"]
[EventDate "2022.11.14"]

1. d4 Nf6 2. c4 g6 3. Nf3 Bg7 4. e3 O-O 5. Be2 c5 6. d5 d6 7. Nc3 e6 8. O-O Re8
9. Nd2 Na6 10. e4 Nc7 11. a4 exd5 12. cxd5 b6 13. f3 Rb8 14. Nc4 Ba6 15. Bg5 h6
16. Bh4 Bxc4 17. Bxc4 a6 18. Qd3 Qc8 19. Bg3 Rd8 20. Rae1 Nh5 21. Bh4 g5 22. Bf2
b5 23. Ba2 Nf4 24. Qd2 bxa4 25. Be3 Rb4 26. e5 Bxe5 27. Bxc5 Rxb2 28. Qxb2 Nb5
29. Bb4 Nd3 30. Qd2 Nxb4 31. Nxa4 Nxa2 32. Qxa2 Qc7 33. Rc1 Qa7+ 34. Kh1 Qe3 35.
g3 Kg7 36. Rce1 Qd3 37. f4 gxf4 38. gxf4 Bf6 39. Nb6 Nc3 40. Qg2+ Kh7 41. Rf3
Qd4 42. Qh3 Bg7 43. Qf5+ Kh8 44. Rfe3 Rg8 45. Qxf7 Nd1 46. Rg3 Nf2+ 47. Kg2 Ne4
48. Rxe4 Qxe4+ 49. Kh3 Qb1 50. Nd7 Qf1+ 51. Kg4 Qe2+ 52. Kh3 Qf1+ 53. Kh4 Qe2
54. h3 Qf2 55. Nf6 Qxf4+ 56. Kh5 Qf5+ 57. Kh4 Bxf6+ 0-1